| 000 | 00664nam a2200205 i 4500 | ||
|---|---|---|---|
| 001 | 14874 | ||
| 003 | ES-MaACL | ||
| 005 | 20230906150924.0 | ||
| 007 | t| | ||
| 008 | 990624s1998 sp ||||1| spa d | ||
| 020 | _a84-605-7863-1 | ||
| 080 | _a55(460.27) | ||
| 245 | 0 | 0 |
_aPatrimonio geológico de la Comunidad Autónoma de Madrid / _cJ.J. Durán (editor). |
| 260 |
_aMadrid : _bSociedad Geológica de España, _c1998. |
||
| 300 |
_a290 p. : _bil. ; _c24 cm. |
||
| 650 | 4 |
_aGeología- _zMadrid (Comunidad Autónoma) _9139287 |
|
| 700 | 1 |
_aDurán, Juan José. _946188 |
|
| 710 | 2 |
_aSociedad Geológica de España. _96778 |
|
| 852 |
_aES-MaACL _jL-22097 _bR.127179 |
||
| 999 |
_c14874 _d14874 |
||